New Testament history : (Record no. 9741)

MARC details
000 -LEADER
fixed length control field 00623nam a22002057a 4500
003 - CONTROL NUMBER IDENTIFIER
control field GBCCL
005 - DATE AND TIME OF LATEST TRANSACTION
control field 20241126110718.0
008 - FIXED-LENGTH DATA ELEMENTS--GENERAL INFORMATION
fixed length control field 230629b ||||| |||| 00| 0 eng d
020 ## - INTERNATIONAL STANDARD BOOK NUMBER
International Standard Book Number 0801022932
020 ## - INTERNATIONAL STANDARD BOOK NUMBER
International Standard Book Number 9780801022937
040 ## - CATALOGING SOURCE
Transcribing agency gbc
082 ## - DEWEY DECIMAL CLASSIFICATION NUMBER
Classification number 225.95
Item number WIT
100 ## - MAIN ENTRY--PERSONAL NAME
Personal name Witherington, Ben
Dates associated with a name 1951-
9 (RLIN) 16924
245 ## - TITLE STATEMENT
Title New Testament history :
Remainder of title a narrative account /
Statement of responsibility, etc. Ben Witherington III
260 ## - PUBLICATION, DISTRIBUTION, ETC.
Place of publication, distribution, etc. Grand Rapids :
Name of publisher, distributor, etc. Baker Academic,
Date of publication, distribution, etc. 2001
300 ## - PHYSICAL DESCRIPTION
Extent 430p. ;
650 ## - SUBJECT ADDED ENTRY--TOPICAL TERM
Topical term or geographic name entry element Bible
General subdivision History of Biblical events
9 (RLIN) 11929
650 ## - SUBJECT ADDED ENTRY--TOPICAL TERM
Topical term or geographic name entry element Bible
Form subdivision N.T.
Chronological subdivision History of contemporary events
9 (RLIN) 16925
942 ## - ADDED ENTRY ELEMENTS (KOHA)
Source of classification or shelving scheme Dewey Decimal Classification
Koha item type Books
Koha issues (borrowed), all copies 6
Holdings
Withdrawn status Lost status Source of classification or shelving scheme Damaged status Not for loan Home library Current Library Shelving location Date acquired Total checkouts Full call number Barcode Date last seen Date last checked out Copy number Price effective from Koha item type Total renewals
    Dewey Decimal Classification     GRACE BIBLE COLLEGE GRACE BIBLE COLLEGE Biblical Studies 2023-06-29 5 225.95 WIT 016326 2025-09-22 2025-09-18 c.1 2023-06-29 Books  
    Dewey Decimal Classification     GRACE BIBLE COLLEGE GRACE BIBLE COLLEGE Biblical Studies 2024-06-21 2 225.95 WIT 016898 2025-09-22 2025-09-17 c.2 2024-06-21 Books 1
    Dewey Decimal Classification     GRACE BIBLE COLLEGE GRACE BIBLE COLLEGE Biblical Studies 2024-06-21 2 225.95 WIT 016899 2025-08-27 2025-08-22 c.3 2024-06-21 Books 1
    Dewey Decimal Classification     GRACE BIBLE COLLEGE GRACE BIBLE COLLEGE Biblical Studies 2025-10-22   225.95 WIT 017244 2025-10-22   c.4 2025-10-22 Books  
© Grace Bible College Library 2025